000 00486nam a2200169Ia 4500
999 _c27477
_d27477
003 OSt
005 20210108161021.0
008 190216s9999||||xx |||||||||||||| ||und||
040 _coclc
082 _a894.812301
_bBHA/V
100 _aBhattathirippat, M R
_97261
245 0 _aValkkannadi /
_cM R Bhattathirippat
260 _bCurrent Books,
_aThrissur:
_c1991.
300 _a113p
650 _aKathakal
942 _cBK
_2ddc
_h894.812301
_iBHA/V
_k894.812301
_mBHA/V